[Event "CAN-op"]
[Site "Toronto CAN"]
[Date "1983.07.10"]
[Round "3"]
[White "Odendahl, Steven"]
[Black "Spraggett, Kevin"]
[Result "1-0"]
[WhiteElo "2375"]
[BlackElo "2584"]
[PlyCount "91"]
[EventDate "1983.07.09"]
[EventType "swiss"]
[EventRounds "10"]
[EventCountry "CAN"]

1. d4 Nf6 2. c4 g6 3. Nc3 Bg7 4. e4 d6 5. Be2 O-O 6. Nf3 e5 7. O-O Nc6 8. d5
Ne7 9. Nd2 a5 10. Rb1 Nd7 11. a3 f5 12. b4 b6 13. f3 Bh6 14. Nb3 Bxc1 15. Qxc1
axb4 16. axb4 Nf6 17. c5 Nh5 18. Qc2 Nf4 19. Ra1 Rxa1 20. Rxa1 fxe4 21. fxe4
Kh8 22. Bf1 Ng8 23. cxb6 cxb6 24. Nb5 Qf6 25. Nd2 Bg4 26. Kh1 Nh5 27. Qc1 Qh4
28. Qe1 Qe7 29. Nc4 Bd7 30. Nc3 b5 31. Na3 Nh6 32. Be2 Nf4 33. Naxb5 Ng4 34.
Bxg4 Bxg4 35. Qg3 Bh5 36. h3 Rc8 37. Kh2 g5 38. Na7 Rg8 39. Nc6 Qf6 40. b5 g4
41. b6 gxh3 42. Qxg8+ Kxg8 43. b7 Ng6 44. b8=Q+ Nf8 45. Qb2 Qf4+ 46. g3 1-0

[Event "CAN-op"]
[Site "Toronto CAN"]
[Date "1983.07.11"]
[Round "4"]
[White "Spraggett, Kevin"]
[Black "Jauregui, Carlos"]
[Result "1-0"]
[WhiteElo "2584"]
[BlackElo "2393"]
[PlyCount "81"]
[EventDate "1983.07.09"]
[EventType "swiss"]
[EventRounds "10"]
[EventCountry "CAN"]

1. c4 Nf6 2. Nc3 g6 3. e4 d6 4. d4 Bg7 5. Nf3 O-O 6. Be2 e5 7. Be3 exd4 8. Nxd4
Re8 9. f3 Be6 10. Qd2 Nbd7 11. O-O c6 12. Rfd1 Ne5 13. Nxe6 Rxe6 14. h3 Qe8 15.
Rac1 a6 16. Bf2 Ned7 17. Re1 Qf8 18. Rcd1 Bh6 19. Qc2 Bf4 20. Bf1 Qh6 21. g3
Be5 22. Ne2 Ne8 23. f4 Bh8 24. Nd4 Re7 25. Nf3 Qh5 26. Bg2 Qa5 27. a3 Qc7 28.
b4 a5 29. c5 axb4 30. cxd6 Nxd6 31. axb4 Nb5 32. e5 Ra3 33. Ng5 Nf8 34. Ne4 Ne6
35. Qd2 Bg7 36. Nf6+ Kh8 37. Bf1 Ra8 38. Bxb5 cxb5 39. Nd5 Qd8 40. Nxe7 Qxe7
41. Qd7 1-0

[Event "CAN-op"]
[Site "Toronto CAN"]
[Date "1983.07.12"]
[Round "5"]
[White "Fink, Stanley"]
[Black "Spraggett, Kevin"]
[Result "0-1"]
[WhiteElo "2304"]
[BlackElo "2584"]
[PlyCount "58"]
[EventDate "1983.07.09"]
[EventType "swiss"]
[EventRounds "10"]
[EventCountry "CAN"]

1. d4 Nf6 2. c4 g6 3. Nc3 Bg7 4. e4 d6 5. Nf3 O-O 6. Be2 e5 7. O-O Nc6 8. d5
Ne7 9. Nd2 a5 10. a3 Nd7 11. Rb1 f5 12. b4 b6 13. Nb3 axb4 14. axb4 fxe4 15.
Nxe4 Nf6 16. f3 Nf5 17. c5 bxc5 18. bxc5 h6 19. Qd2 Kh8 20. Rd1 Nh4 21. Qb4
Nxe4 22. fxe4 Nxg2 23. Kxg2 Qh4 24. Be3 Qh3+ 25. Kh1 Qxe3 26. Rb2 Rf2 27. Rd3
Qf4 28. Rg3 Rxe2 29. Rxe2 Qf1+ 0-1

[Event "CAN-op"]
[Site "Toronto CAN"]
[Date "1983.07.13"]
[Round "6"]
[White "Spraggett, Kevin"]
[Black "Pelts, Roman"]
[Result "1-0"]
[WhiteElo "2584"]
[BlackElo "2397"]
[PlyCount "89"]
[EventDate "1983.07.09"]
[EventType "swiss"]
[EventRounds "10"]
[EventCountry "CAN"]

1. c4 e5 2. Nc3 Nc6 3. g3 Bb4 4. Bg2 d6 5. Nd5 Bc5 6. e3 Nge7 7. Ne2 Nxd5 8.
cxd5 Ne7 9. O-O O-O 10. d4 Bb6 11. dxe5 dxe5 12. Nc3 Nf5 13. a4 a5 14. b3 Nd6
15. Bb2 Bf5 16. h3 Qd7 17. Kh2 e4 18. Rc1 Rad8 19. Qd2 Rfe8 20. Rfd1 f6 21. Ne2
Nf7 22. g4 Bg6 23. Nf4 Ne5 24. Bc3 Qd6 25. Kg1 Ra8 26. Bxe5 Rxe5 27. Rc4 f5 28.
b4 axb4 29. Qxb4 c5 30. Qb2 Re7 31. Qc2 Ba7 32. a5 Rae8 33. Rb1 fxg4 34. hxg4
b6 35. axb6 Bxb6 36. Qa4 Ba7 37. Qc2 h6 38. Rd1 Bh7 39. Ne6 Bb8 40. Rxc5 Qh2+
41. Kf1 h5 42. d6 Rxe6 43. d7 Rd8 44. Rc8 Qh4 45. Qb3 1-0

[Event "CAN-op"]
[Site "Toronto CAN"]
[Date "1983.07.14"]
[Round "7"]
[White "Delaune, Richard"]
[Black "Spraggett, Kevin"]
[Result "0-1"]
[WhiteElo "2415"]
[BlackElo "2584"]
[PlyCount "50"]
[EventDate "1983.07.09"]
[EventType "swiss"]
[EventRounds "10"]
[EventCountry "CAN"]

1. c4 e5 2. Nc3 Nf6 3. Nf3 Nc6 4. d3 d6 5. g3 g6 6. Bg2 Bg7 7. O-O O-O 8. Rb1
a5 9. a3 Nd4 10. b4 axb4 11. axb4 c6 12. Bg5 Ne6 13. Bd2 Nh5 14. b5 f5 15. Ne1
Bd7 16. Nc2 Qc7 17. Nb4 f4 18. Ra1 Rxa1 19. Qxa1 Nd4 20. Qa7 Qc8 21. Rb1 Bh3
22. bxc6 bxc6 23. Be4 fxg3 24. hxg3 Qg4 25. Be1 Nxg3 0-1

[Event "CAN-op"]
[Site "Toronto CAN"]
[Date "1983.07.15"]
[Round "8"]
[White "Spraggett, Kevin"]
[Black "Ivanovic, Bozidar"]
[Result "1-0"]
[WhiteElo "2584"]
[BlackElo "2480"]
[PlyCount "87"]
[EventDate "1983.07.09"]
[EventType "swiss"]
[EventRounds "10"]
[EventCountry "CAN"]

1. c4 c5 2. Nf3 Nc6 3. Nc3 Nf6 4. d4 cxd4 5. Nxd4 e6 6. g3 Qb6 7. Nb3 d5 8.
cxd5 Nxd5 9. Bg2 Nxc3 10. bxc3 e5 11. O-O Be7 12. Be3 Qc7 13. Nc5 O-O 14. Qa4
a6 15. Rfd1 Rd8 16. Rxd8+ Bxd8 17. Bd5 Be7 18. Rd1 Bf8 19. h4 Nd8 20. Qe8 Qe7
21. Qxd8 Qxd8 22. Bxf7+ Kxf7 23. Rxd8 Be7 24. Rh8 Bxc5 25. Bxc5 b5 26. Rd8 Kf6
27. e4 h6 28. f3 h5 29. Kf2 Kf7 30. Ke3 Kf6 31. a3 Kf7 32. f4 exf4+ 33. gxf4
Kg6 34. f5+ Kh7 35. Bd4 a5 36. Kf4 Rb8 37. Be5 Ra8 38. Kg5 Bb7 39. Rd7 Bxe4 40.
Rxg7+ Kh8 41. Rd7+ Kg8 42. f6 Kf8 43. Bd6+ Ke8 44. Re7+ 1-0

[Event "CAN-op"]
[Site "Toronto CAN"]
[Date "1983.07.16"]
[Round "9"]
[White "Wilder, Michael"]
[Black "Spraggett, Kevin"]
[Result "1/2-1/2"]
[WhiteElo "2440"]
[BlackElo "2584"]
[PlyCount "82"]
[EventDate "1983.07.09"]
[EventType "swiss"]
[EventRounds "10"]
[EventCountry "CAN"]

1. d4 Nf6 2. c4 g6 3. Nc3 Bg7 4. e4 d6 5. f3 O-O 6. Bg5 c5 7. d5 e6 8. Qd2 exd5
9. cxd5 h6 10. Be3 b6 11. Nge2 Ba6 12. a4 Bc4 13. Rb1 Nbd7 14. b3 Ba6 15. Nb5
Bxb5 16. axb5 Ne8 17. h4 h5 18. Bg5 Qc7 19. Ng3 Nef6 20. Be2 Rfe8 21. Bh6 Bh8
22. Rh3 Ne5 23. Kf1 Qd7 24. Kg1 Kh7 25. Bg5 Rf8 26. Rf1 Rac8 27. Rc1 Ne8 28.
Qe1 Nc7 29. Qf1 Bg7 30. Bd2 Rfe8 31. Kh1 Re7 32. Bg5 Ree8 33. Bd2 Re7 34. Bc3
Bh6 35. Kg1 Ne8 36. f4 Ng4 37. Bd3 Nef6 38. Re1 Rce8 39. f5 Bg7 40. Bd2 Ne5 41.
Bc2 Kg8 1/2-1/2

[Event "CAN-op"]
[Site "Toronto CAN"]
[Date "1983.07.17"]
[Round "10"]
[White "Spraggett, Kevin"]
[Black "Day, Lawrence"]
[Result "1/2-1/2"]
[WhiteElo "2549"]
[BlackElo "2464"]
[PlyCount "39"]
[EventDate "1983.07.09"]
[EventType "swiss"]
[EventRounds "10"]
[EventCountry "CAN"]

1. c4 e5 2. Nc3 Nf6 3. g3 c6 4. Nf3 d6 5. Bg2 Nbd7 6. O-O Be7 7. d4 O-O 8. Qc2
Re8 9. e4 a6 10. h3 Bf8 11. Rd1 Qc7 12. Be3 b5 13. dxe5 dxe5 14. cxb5 cxb5 15.
Rac1 Bb7 16. Qb1 Qa5 17. Nd2 Rac8 18. a3 Rc6 19. Nb3 Qc7 20. Nd5 1/2-1/2

[Event "Quebec-ch"]
[Site "Montreal CAN"]
[Date "1983.06.09"]
[Round "1"]
[White "Spraggett, Kevin"]
[Black "Brodeur, Gilles"]
[Result "1-0"]
[WhiteElo "2552"]
[BlackElo "2214"]
[PlyCount "81"]
[EventDate "1983.06.09"]
[EventType "tourn"]
[EventRounds "9"]
[EventCountry "CAN"]

1. e4 Nf6 2. e5 Nd5 3. d4 d6 4. Nf3 dxe5 5. Nxe5 g6 6. g3 Bg7 7. Bg2 O-O 8. O-O
c6 9. Re1 Nd7 10. Nf3 N7f6 11. c3 a5 12. a4 Bf5 13. Nbd2 Nb6 14. Nb3 Nc4 15. h3
Nd5 16. Bf1 Nd6 17. Nc5 h5 18. Nh4 e6 19. Nd3 Ne4 20. Nf3 g5 21. Ra3 g4 22.
hxg4 hxg4 23. Nfe5 f6 24. Nxg4 Kf7 25. Bg2 Nd6 26. Ra1 Rh8 27. Ne3 Nxe3 28.
Bxe3 Qg8 29. g4 Be4 30. f3 Bd5 31. Bf4 Bf8 32. b3 b5 33. Nc5 Be7 34. Qe2 Qb8
35. Rac1 bxa4 36. c4 axb3 37. cxd5 cxd5 38. Nxe6 Nc4 39. Ng5+ fxg5 40. Qxe7+
Kg8 41. Qxg5+ 1-0

[Event "Quebec-ch"]
[Site "Montreal CAN"]
[Date "1983.06.10"]
[Round "2"]
[White "Saint Amand, Paul"]
[Black "Spraggett, Kevin"]
[Result "0-1"]
[WhiteElo "2092"]
[BlackElo "2552"]
[PlyCount "94"]
[EventDate "1983.06.09"]
[EventType "tourn"]
[EventRounds "9"]
[EventCountry "CAN"]

1. e4 c5 2. Nf3 e6 3. b3 Nf6 4. e5 Nd5 5. Bb2 Nc6 6. g3 Nde7 7. Bg2 Nf5 8. O-O
d5 9. exd6 Bxd6 10. d4 cxd4 11. Nxd4 Ncxd4 12. Bxd4 Bxg3 13. hxg3 Qxd4 14. Qxd4
Nxd4 15. Na3 Ke7 16. Rfd1 Rd8 17. Kf1 Rb8 18. c3 Nf5 19. Rxd8 Kxd8 20. Rd1+ Ke7
21. Nc4 Bd7 22. Ne5 Be8 23. c4 f6 24. Nd3 b6 25. Nb4 a5 26. Nc2 h5 27. Bh3 g6
28. Bxf5 gxf5 29. Ke2 Rc8 30. Ne3 b5 31. Rc1 bxc4 32. bxc4 Rb8 33. Kd3 Bc6 34.
Kc3 Rg8 35. Nc2 Be4 36. Re1 e5 37. Ne3 Rd8 38. Rd1 Rxd1 39. Nxd1 f4 40. Kd2 Bf3
41. Nb2 fxg3 42. fxg3 f5 43. Nd3 Kd6 44. Ke3 Be4 45. Nb2 Kc5 46. a3 Bb1 47. Kd2
Kd4 0-1

[Event "Quebec-ch"]
[Site "Montreal CAN"]
[Date "1983.06.11"]
[Round "3"]
[White "Spraggett, Kevin"]
[Black "Kurtz, Murray"]
[Result "1-0"]
[WhiteElo "2552"]
[BlackElo "2049"]
[PlyCount "73"]
[EventDate "1983.06.09"]
[EventType "tourn"]
[EventRounds "9"]
[EventCountry "CAN"]

1. Nf3 Nf6 2. c4 g6 3. Nc3 Bg7 4. e4 d6 5. d4 O-O 6. Be2 e5 7. Be3 c6 8. O-O
exd4 9. Bxd4 Re8 10. Qc2 Nbd7 11. Rad1 Qe7 12. Rfe1 Nc5 13. b4 Ne6 14. Be3 Ng4
15. Bc1 Qf6 16. Bb2 Ng5 17. h3 Ne5 18. Nxg5 Qxg5 19. Bc1 Qh4 20. Rxd6 Bxh3 21.
gxh3 Qxh3 22. Nd1 Nf3+ 23. Bxf3 Be5 24. Bg2 Qh2+ 25. Kf1 Bxd6 26. c5 Be5 27.
Ne3 h5 28. Nc4 h4 29. Re3 Qf4 30. Rh3 Qg4 31. f3 Qh5 32. f4 Bc7 33. Bf3 Qh6 34.
e5 f6 35. exf6 Rad8 36. Ne5 Bxe5 37. Rxh4 1-0

[Event "Quebec-ch"]
[Site "Montreal CAN"]
[Date "1983.06.15"]
[Round "6"]
[White "Pineault, Denis"]
[Black "Spraggett, Kevin"]
[Result "0-1"]
[WhiteElo "2085"]
[BlackElo "2552"]
[PlyCount "62"]
[EventDate "1983.06.09"]
[EventType "tourn"]
[EventRounds "9"]
[EventCountry "CAN"]

1. e4 c5 2. Nf3 e6 3. d4 cxd4 4. Nxd4 Nf6 5. Nc3 d6 6. Bc4 Be7 7. Be3 O-O 8.
Bb3 Na6 9. Qe2 Nc5 10. f3 a6 11. O-O Qc7 12. a4 b6 13. Ba2 Bb7 14. b4 Ncd7 15.
Nd1 d5 16. exd5 Nxd5 17. c3 Bd6 18. g3 Rfe8 19. Bd2 Ne5 20. Rc1 Nc6 21. Nc2 h5
22. f4 Nf6 23. Nde3 a5 24. b5 Ne7 25. Nd4 Nf5 26. Bb1 g6 27. Rfd1 Rad8 28. Nc4
Bc5 29. Qe5 Qd7 30. Be1 Ng4 31. Qe2 Qd5 0-1

[Event "Quebec-ch"]
[Site "Montreal CAN"]
[Date "1983.06.17"]
[Round "8"]
[White "Rousseau, Jean-Jacques"]
[Black "Spraggett, Kevin"]
[Result "0-1"]
[WhiteElo "2129"]
[BlackElo "2552"]
[PlyCount "68"]
[EventDate "1983.06.09"]
[EventType "tourn"]
[EventRounds "9"]
[EventCountry "CAN"]

1. e4 c5 2. Nf3 e6 3. d4 cxd4 4. Nxd4 Nf6 5. Nc3 d6 6. Be2 a6 7. f4 Be7 8. O-O
O-O 9. Bf3 Qc7 10. Kh1 Nc6 11. Nxc6 bxc6 12. b3 d5 13. e5 Nd7 14. Na4 Bb7 15.
c4 dxc4 16. bxc4 c5 17. Bxb7 Qxb7 18. Ba3 Qc6 19. Rb1 Rad8 20. Qc2 f6 21. exf6
Rxf6 22. Bc1 Rg6 23. Be3 Rf8 24. Nc3 Nf6 25. Rf3 Ng4 26. Rbf1 Bf6 27. Qe4 Qc8
28. f5 exf5 29. Qd5+ Kh8 30. Bxc5 Rd8 31. Qxf5 Ne5 32. Bb6 Nxf3 33. Qxf3 Re8
34. c5 Bxc3 0-1

[Event "Tournoi de l'Est 3"]
[Site "Montreal CAN"]
[Date "1983.04.15"]
[Round "1"]
[White "Desforges, Jean"]
[Black "Spraggett, Kevin"]
[Result "0-1"]
[WhiteElo "1899"]
[BlackElo "2538"]
[PlyCount "72"]
[EventDate "1983.04.15"]
[EventType "swiss"]
[EventRounds "5"]
[EventCountry "CAN"]

1. d4 Nf6 2. c4 e6 3. Nf3 c5 4. g3 cxd4 5. Nxd4 d5 6. Bg2 e5 7. Nf3 d4 8. O-O
Nc6 9. e3 Bg4 10. h3 Bxf3 11. Bxf3 Be7 12. exd4 exd4 13. Bg5 O-O 14. Bxf6 Bxf6
15. Nd2 d3 16. Ne4 Bxb2 17. Rb1 Qd4 18. Bg2 Ne5 19. Nd2 Rab8 20. Qb3 Bc3 21.
Nf3 Nxf3+ 22. Bxf3 Rfc8 23. Bd5 d2 24. a4 Re8 25. c5 Re1 26. c6 b5 27. axb5 Qe5
28. Bc4 Ba5 29. Qf3 Rxb1 30. Rxb1 Qe1+ 31. Kg2 Qxb1 32. c7 Bxc7 33. Qxf7+ Kh8
34. Qxc7 Rg8 35. Qf7 Qe4+ 36. Kh2 Qxc4 0-1

[Event "Tournoi de l'Est 3"]
[Site "Montreal CAN"]
[Date "1983.04.16"]
[Round "2"]
[White "Morin, Louis"]
[Black "Spraggett, Kevin"]
[Result "0-1"]
[WhiteElo "1885"]
[BlackElo "2538"]
[PlyCount "52"]
[EventDate "1983.04.15"]
[EventType "swiss"]
[EventRounds "5"]
[EventCountry "CAN"]

1. e4 c5 2. c3 Nf6 3. e5 Nd5 4. d4 cxd4 5. Qxd4 e6 6. Bc4 Nc6 7. Qe4 Nde7 8. f4
Nf5 9. Bd3 Bc5 10. Nf3 h5 11. g3 d6 12. exd6 O-O 13. Nbd2 Qxd6 14. b4 Rd8 15.
Bc2 Bxb4 16. cxb4 Nxb4 17. Bb1 Qb6 18. Nb3 Bd7 19. Bd2 a5 20. Nxa5 Rxa5 21.
Bxb4 Bc6 22. Qc4 Qe3+ 23. Qe2 Rd1+ 24. Kxd1 Bxf3 25. Re1 Rd5+ 26. Kc2 Bxe2 0-1

[Event "Tournoi de l'Est 2"]
[Site "Montreal CAN"]
[Date "1983.03.18"]
[Round "1"]
[White "Desforges, Jean"]
[Black "Spraggett, Kevin"]
[Result "0-1"]
[WhiteElo "1908"]
[BlackElo "2530"]
[PlyCount "94"]
[EventDate "1983.03.18"]
[EventType "swiss"]
[EventRounds "5"]
[EventCountry "CAN"]

1. d4 Nf6 2. c4 g6 3. Nc3 Bg7 4. e4 d6 5. f3 O-O 6. Be3 Nc6 7. Qd2 a6 8. O-O-O
Rb8 9. h4 e5 10. d5 Nd4 11. Nge2 c5 12. dxc6 bxc6 13. h5 c5 14. Bh6 Be6 15.
Bxg7 Kxg7 16. hxg6 fxg6 17. Nd5 Bxd5 18. exd5 Qc7 19. Ng3 Kg8 20. Bd3 Rf7 21.
Rh6 Rbf8 22. Qg5 Rg7 23. Rdh1 Qe7 24. Ne4 Nxe4 25. Qxe7 Rxe7 26. Bxe4 Ne2+ 27.
Kc2 Ng3 28. Re1 Nh5 29. Rh1 Nf4 30. R6h2 a5 31. g3 Nh5 32. Rxh5 gxh5 33. Rxh5
Rf6 34. g4 h6 35. Rf5 Rxf5 36. Bxf5 Kg7 37. b3 Kf6 38. Be4 Kg5 39. Kd3 Kf4 40.
Ke2 Rb7 41. Kd3 a4 42. Kc3 a3 43. Kc2 Ke3 44. Kc3 Rb8 45. Kc2 Kd4 46. Bg6 Rg8
47. Be4 Rg5 0-1

[Event "Tournoi de l'Est 2"]
[Site "Montreal CAN"]
[Date "1983.03.19"]
[Round "3"]
[White "Kopec, Danny"]
[Black "Spraggett, Kevin"]
[Result "1/2-1/2"]
[WhiteElo "2326"]
[BlackElo "2530"]
[PlyCount "91"]
[EventDate "1983.03.18"]
[EventType "swiss"]
[EventRounds "5"]
[EventCountry "CAN"]

1. d4 Nf6 2. Nf3 g6 3. g3 Bg7 4. Bg2 O-O 5. O-O d6 6. c4 Nc6 7. Nc3 a6 8. b3
Rb8 9. Bb2 b5 10. d5 Na5 11. cxb5 axb5 12. Nd4 b4 13. Nb1 e5 14. Nc2 Bd7 15.
Nd2 h5 16. a3 bxa3 17. Rxa3 Nb7 18. b4 h4 19. Ra7 hxg3 20. hxg3 Ng4 21. Nc4 f5
22. f3 Nf6 23. f4 exf4 24. gxf4 Ra8 25. Rxb7 Qc8 26. Rb6 cxb6 27. Nxb6 Qc7 28.
Nxa8 Rxa8 29. Qd3 Ra2 30. Bxf6 Bxf6 31. Nd4 Qa7 32. e3 Ra3 33. Nb3 Qa4 34. Rb1
Qxb4 35. Bf1 Qb6 36. Nd4 Qc5 37. Rb8+ Kf7 38. Rb3 Rxb3 39. Nxb3 Qb4 40. Nd2 Ke7
41. Kg2 g5 42. Nc4 g4 43. e4 fxe4 44. Qxe4+ Kd8 45. f5 Qb3 46. Qd3 1/2-1/2

[Event "Tournoi de l'Est 2"]
[Site "Montreal CAN"]
[Date "1983.03.20"]
[Round "5"]
[White "Morin, Louis"]
[Black "Spraggett, Kevin"]
[Result "0-1"]
[WhiteElo "1910"]
[BlackElo "2530"]
[PlyCount "140"]
[EventDate "1983.03.18"]
[EventType "swiss"]
[EventRounds "5"]
[EventCountry "CAN"]

1. e4 c5 2. Nf3 e6 3. d4 cxd4 4. Nxd4 Nf6 5. Nc3 d6 6. Be2 Nc6 7. O-O Be7 8.
Be3 O-O 9. f4 a6 10. Qe1 Nxd4 11. Bxd4 b5 12. Bf3 Bb7 13. Rd1 Qc7 14. a3 e5 15.
Be3 exf4 16. Bxf4 Nd7 17. Nd5 Bxd5 18. exd5 Bf6 19. c3 Be5 20. Bc1 f5 21. g3
Rae8 22. Qf2 g6 23. Qg2 Rf7 24. Kh1 h5 25. h4 Rfe7 26. Qf2 Bf6 27. Bf4 Ne5 28.
Bxe5 Bxe5 29. Kg2 Rf8 30. Rde1 Rg7 31. Qd2 Qe7 32. Qg5 Qxg5 33. hxg5 Rc7 34.
Rf2 Rb8 35. Rfe2 Re7 36. Kh3 Kf8 37. Kg2 a5 38. Rc1 Rc7 39. Rec2 Rbc8 40. Kf2
b4 41. axb4 axb4 42. Be2 bxc3 43. bxc3 Rxc3 44. Rxc3 Rxc3 45. Rxc3 Bxc3 46. Ba6
Bd2 47. Bc8 Bxg5 48. Kf3 Kg7 49. Bd7 Bc1 50. Be8 Kf6 51. Ke2 Kg5 52. Kf3 h4 53.
gxh4+ Kh5 54. Bf7 Bb2 55. Be8 Bf6 56. Kg3 Bxh4+ 57. Kf4 Bf6 58. Kg3 Be5+ 59.
Kh3 Kg5 60. Bf7 Kf6 61. Be6 g5 62. Bd7 Bc3 63. Kg3 g4 64. Kf4 Be5+ 65. Ke3 Kg5
66. Kf2 f4 67. Ba4 f3 68. Ke3 Kh4 69. Kf2 Bd4+ 70. Ke1 g3 0-1

[Event "Hiver/Winter op"]
[Site "Montreal CAN"]
[Date "1983.02.19"]
[Round "3"]
[White "Finta, Robert"]
[Black "Spraggett, Kevin"]
[Result "0-1"]
[WhiteElo "2073"]
[BlackElo "2530"]
[PlyCount "38"]
[EventDate "1983.02.18"]
[EventType "swiss"]
[EventRounds "6"]
[EventCountry "CAN"]

1. e4 c5 2. Nf3 e6 3. d4 cxd4 4. Nxd4 Nf6 5. Bd3 Nc6 6. Nxc6 bxc6 7. c4 Bc5 8.
Nc3 d6 9. O-O e5 10. Bg5 h6 11. Bh4 g5 12. Bg3 h5 13. h3 h4 14. Bh2 g4 15. hxg4
Nxg4 16. Qd2 Qf6 17. Rad1 h3 18. Bg3 hxg2 19. Kxg2 Nh2 0-1

[Event "Toronto Class ch"]
[Site "Toronto CAN"]
[Date "1983.01.30"]
[Round "4"]
[White "Findlay, Ian"]
[Black "Spraggett, Kevin"]
[Result "0-1"]
[WhiteElo "2332"]
[BlackElo "2523"]
[PlyCount "80"]
[EventDate "1983.01.28"]
[EventType "swiss"]
[EventRounds "5"]
[EventCountry "CAN"]

1. e4 c5 2. Nf3 e6 3. d4 cxd4 4. Nxd4 Nc6 5. Nb5 d6 6. c4 Nf6 7. N1c3 a6 8. Na3
Be7 9. Be2 O-O 10. O-O b6 11. Be3 Ne5 12. f4 Ned7 13. Bf3 Bb7 14. Qe2 Qc7 15.
g4 h6 16. Rac1 Nh7 17. Qf2 Rab8 18. h4 g5 19. Rc2 Ba8 20. Qg2 Rfe8 21. Qh3 Ndf8
22. Rh2 gxh4 23. g5 hxg5 24. fxg5 Ng6 25. Bh5 Bxg5 26. Bxg5 Nxg5 27. Qg4 Qc5+
28. Rff2 Kg7 29. Nc2 Rh8 30. Nd5 Bxd5 31. exd5 Rxh5 32. Qxh5 Ne4 33. Qf3 Nxf2
34. Rxf2 Rf8 35. Qf6+ Kh7 36. Nd4 Qxc4 37. Nf3 Qg4+ 38. Kf1 Rc8 39. Ng5+ Kh6
40. Nxf7+ Kh5 0-1

[Event "Specialiste ch"]
[Site "Montreal CAN"]
[Date "1983.01.22"]
[Round "2"]
[White "Roos, Celine"]
[Black "Spraggett, Kevin"]
[Result "1-0"]
[WhiteElo "2016"]
[BlackElo "2560"]
[PlyCount "91"]
[EventDate "1983.01.21"]
[EventType "swiss"]
[EventRounds "5"]
[EventCountry "CAN"]

1. c4 g6 2. Nc3 Bg7 3. d4 Nf6 4. Nf3 O-O 5. g3 d5 6. cxd5 Nxd5 7. Bg2 Nb6 8.
O-O Nc6 9. e3 e5 10. d5 Ne7 11. e4 Bg4 12. Qb3 c6 13. h3 Bxf3 14. Bxf3 cxd5 15.
exd5 Nf5 16. Ne2 Nd6 17. Bg2 Nbc4 18. Rd1 Qb6 19. Nc3 f5 20. Na4 Qc7 21. Nc3
Qd7 22. a4 a6 23. Qa2 Rac8 24. b3 e4 25. bxc4 Bxc3 26. Rb1 Rxc4 27. Bf4 Rfc8
28. Rb6 Nf7 29. Qb3 Qxa4 30. Qxa4 Rxa4 31. d6 Rb4 32. d7 Rd8 33. Rxb4 Bxb4 34.
Bc7 Kf8 35. Bf1 Ke7 36. Bxd8+ Nxd8 37. Bc4 a5 38. Bb5 b6 39. Kf1 Bc5 40. Ke2 h5
41. g4 hxg4 42. hxg4 Kf6 43. gxf5 gxf5 44. Rh1 Ke7 45. Rh8 Nb7 46. Re8+ 1-0

[Event "Specialiste ch"]
[Site "Montreal CAN"]
[Date "1983.01.23"]
[Round "4"]
[White "Pageau, Roger"]
[Black "Spraggett, Kevin"]
[Result "0-1"]
[WhiteElo "2040"]
[BlackElo "2560"]
[PlyCount "74"]
[EventDate "1983.01.21"]
[EventType "swiss"]
[EventRounds "5"]
[EventCountry "CAN"]

1. d4 Nf6 2. c4 e6 3. a3 c5 4. e3 d5 5. Nf3 Nc6 6. Nc3 cxd4 7. exd4 Be7 8. Bf4
O-O 9. c5 Ne4 10. Qc2 Nxc3 11. Qxc3 a5 12. Rc1 a4 13. Bd3 Bd7 14. O-O b6 15.
cxb6 Qxb6 16. Rfe1 Rfc8 17. Qd2 g6 18. Bb1 Na5 19. Rxc8+ Rxc8 20. Ne5 Be8 21.
Ba2 Nb3 22. Bxb3 axb3 23. Rb1 Rc2 24. Qe3 Ba4 25. Nd3 Rc4 26. Rc1 Bf6 27. Rxc4
dxc4 28. Be5 Be7 29. Nc5 Bc6 30. Qh6 Bf8 31. Qf4 Qa5 32. h4 Be7 33. Qh6 Bf8 34.
Qg5 Qe1+ 35. Kh2 Qxf2 36. h5 f6 37. Bxf6 Bh6 0-1

[Event "RA Winter op"]
[Site "Ottawa CAN"]
[Date "1983.01.??"]
[Round "?"]
[White "Spraggett, Kevin"]
[Black "Zuk, Robert"]
[Result "0-1"]
[WhiteElo "2542"]
[BlackElo "2319"]
[PlyCount "116"]
[EventDate "1983.01.??"]
[EventType "swiss"]
[EventRounds "5"]
[EventCountry "CAN"]

1. e4 e6 2. d4 d5 3. Nc3 Bb4 4. e5 Ne7 5. a3 Bxc3+ 6. bxc3 c5 7. a4 Qc7 8. Nf3
Nbc6 9. Be2 Bd7 10. O-O f6 11. Re1 fxe5 12. Nxe5 Nxe5 13. dxe5 O-O 14. Bg4 a5
15. Qe2 Nf5 16. Bd2 Be8 17. Reb1 b6 18. Bh3 Bc6 19. Ra3 Rab8 20. f4 Qd7 21.
Rba1 Kh8 22. R3a2 Ra8 23. Qf2 Rab8 24. g4 Ne7 25. Qg3 d4 26. c4 Bb7 27. c3 Nc6
28. Rf1 Ba6 29. Raa1 Bxc4 30. Rf2 dxc3 31. Bxc3 Nd4 32. Re1 Rbd8 33. f5 Qxa4
34. f6 g6 35. Bg2 Qd7 36. h4 Rf7 37. Be4 Bd5 38. Bb1 Bb7 39. Kh2 a4 40. h5 gxh5
41. g5 Rg8 42. Re3 Qb5 43. Bd3 Qc6 44. Be4 Qd7 45. Bb1 Qc6 46. Be4 Qd7 47. Bd3
Qc6 48. Rf1 b5 49. Re4 Nf5 50. Rxf5 exf5 51. e6 fxe4 52. g6 Qxe6 53. g7+ Rgxg7
54. fxg7+ Kg8 55. Bxe4 Qe8 56. Bd3 c4 57. Bb1 Qe2+ 58. Kh3 Qg4+ 0-1

[Event "NY Kavkasian"]
[Site "New York USA"]
[Date "1983.??.??"]
[Round "?"]
[White "Burger, Karl"]
[Black "Spraggett, Kevin"]
[Result "0-1"]
[WhiteElo "2360"]
[BlackElo "2490"]
[PlyCount "82"]
[EventDate "1983.??.??"]
[EventType "tourn"]
[EventRounds "14"]
[EventCountry "USA"]
[EventCategory "10"]

1. Nf3 Nf6 2. d4 e6 3. c4 c5 4. d5 exd5 5. cxd5 d6 6. Nc3 g6 7. Bf4 a6 8. a4
Bg7 9. e4 O-O 10. Be2 Qe7 11. Nd2 Nbd7 12. O-O Ne5 13. h3 Nfd7 14. Bg3 g5 15.
Qc2 Re8 16. Ra3 Nf8 17. Nc4 Nxc4 18. Bxc4 Ng6 19. Be2 Nf4 20. Bf3 Bd7 21. Rb3
Be5 22. Qd1 b5 23. axb5 axb5 24. Bg4 b4 25. Bxd7 Qxd7 26. Ne2 f5 27. Bxf4 gxf4
28. Qd2 Qa4 29. Rf3 fxe4 30. Rxf4 Bxf4 31. Nxf4 Re5 32. Re1 Qb3 33. Kh2 Qa4 34.
Re3 Qd7 35. Rg3+ Kh8 36. Ne6 Rxe6 37. dxe6 Qxe6 38. b3 Qe5 39. Kg1 d5 40. Kf1
Qa1+ 41. Qe1 Qd4 0-1

[Event "NY Kavkasian"]
[Site "New York USA"]
[Date "1983.??.??"]
[Round "?"]
[White "Hebden, Mark"]
[Black "Spraggett, Kevin"]
[Result "1-0"]
[WhiteElo "2495"]
[BlackElo "2490"]
[PlyCount "89"]
[EventDate "1983.??.??"]
[EventType "tourn"]
[EventRounds "14"]
[EventCountry "USA"]
[EventCategory "10"]

1. e4 c5 2. f4 g6 3. Nf3 Bg7 4. Nc3 Nc6 5. Bb5 Nd4 6. O-O a6 7. Be2 d6 8. a4 e6
9. d3 Ne7 10. Bd2 O-O 11. Kh1 b6 12. Nxd4 cxd4 13. Na2 Nc6 14. Nb4 Bb7 15. Nxc6
Bxc6 16. a5 b5 17. Bf3 Rc8 18. Qe2 Qd7 19. Bb4 Rfe8 20. Rae1 f5 21. Qf2 fxe4
22. dxe4 Bb7 23. b3 Kh8 24. Bg4 Rf8 25. Qd2 Rf7 26. Ba3 Rcf8 27. Kg1 g5 28. f5
exf5 29. exf5 Be5 30. Bb2 h5 31. Bxh5 Rxf5 32. Rxf5 Qxf5 33. Bxd4 Kh7 34. Bxe5
dxe5 35. h3 e4 36. Qd4 Qf6 37. Qxf6 Rxf6 38. Rf1 Kg7 39. Rxf6 Kxf6 40. Kf2 e3+
41. Kxe3 Bxg2 42. Bg4 b4 43. Kd4 Bf1 44. Kc5 Ke5 45. Kxb4 1-0